000 00640nam a2200265Ia 4500
005 20260121114438.0
008 008 260114s9999 xx 000 0 eng d
020 _a9789354640858
037 _aEBOOK
040 _aCRL
040 _beng
040 _cCRL
041 _2eng
041 _aeng
084 _qCRL
100 _aMakridakis
_9975179
245 0 _aForecasting: Methods and Applications, 3ed
260 _bWiley
260 _c2021
650 _aOperations Management
_9975180
856 _uhttps://ebooks.wileyindia.com/product-details/285529
942 _cEBOOK
999 _c1554204
_d1554204